Click the African Country Code - Statistics

General Stats
  • This quiz has been taken 417 times
  • The average score is 36 of 54
Answer Stats
Hint Answer % Correct
Kenya KE
84%
Libya LY
84%
Rwanda RW
84%
Egypt EG
83%
Namibia NA
83%
Tunisia TN
83%
Uganda UG
83%
Angola AO
82%
Burkina Faso BF
82%
Botswana BW
82%
Cameroon CM
82%
Djibouti DJ
82%
Lesotho LS
82%
Sierra Leone SL
82%
Togo TG
82%
Eritrea ER
81%
Ethiopia ET
81%
Ghana GH
81%
Liberia LR
81%
Cape Verde CV
80%
Mozambique MZ
80%
South Sudan SS
80%
Tanzania TZ
80%
Sudan SD
79%
Somalia SO
79%
São Tomé and Príncipe ST
79%
Zimbabwe ZW
76%
Burundi BI
73%
Gabon GA
73%
Senegal SN
73%
Guinea GN
72%
Nigeria NG
70%
Ivory Coast CI
65%
Central African Republic CF
64%
Seychelles SC
64%
Malawi MW
63%
Republic of the Congo CG
62%
Zambia ZM
62%
Gambia GM
61%
Eswatini SZ
56%
Madagascar MG
54%
Mali ML
54%
Niger NE
54%
South Africa ZA
52%
Equatorial Guinea GQ
50%
Democratic Republic of the Congo CD
49%
Mauritania MR
47%
Mauritius MU
43%
Benin BJ
37%
Algeria DZ
37%
Guinea-Bissau GW
29%
Morocco MA
28%
Comoros KM
24%
Chad TD
23%
No matching quizzes found
Score Distribution
Percent of People with Each Score
Percentile by Number Answered
Your Score History
You have not taken this quiz